Kennedy's Paediatric operative dentistry / (Record no. 1623)

MARC details
000 -LEADER
fixed length control field 00667nam a22002297a 4500
003 - CONTROL NUMBER IDENTIFIER
control field OSt
005 - DATE AND TIME OF LATEST TRANSACTION
control field 20150428160225.0
008 - FIXED-LENGTH DATA ELEMENTS--GENERAL INFORMATION
fixed length control field 150428b xxu||||| |||| 00| 0 eng d
020 ## - INTERNATIONAL STANDARD BOOK NUMBER
International Standard Book Number 0723610169
040 ## - CATALOGING SOURCE
Transcribing agency DNLM
082 ## - DEWEY DECIMAL CLASSIFICATION NUMBER
Classification number WU 113.6 C94k 1996
100 ## - MAIN ENTRY--PERSONAL NAME
Personal name Curzon M E J
9 (RLIN) 4271
245 ## - TITLE STATEMENT
Title Kennedy's Paediatric operative dentistry /
Statement of responsibility, etc. M E J Curzon, [et...al]
250 ## - EDITION STATEMENT
Edition statement 4th ed
260 ## - PUBLICATION, DISTRIBUTION, ETC. (IMPRINT)
Place of publication, distribution, etc. Oxford:
Name of publisher, distributor, etc. Butterworth Heinemann;
Date of publication, distribution, etc. 1996.
300 ## - PHYSICAL DESCRIPTION
Extent ix, 197 p :
Other physical details ill ;
Dimensions 27 cm.
504 ## - BIBLIOGRAPHY, ETC. NOTE
Bibliography, etc includes references and index
650 ## - SUBJECT ADDED ENTRY--TOPICAL TERM
Topical term or geographic name as entry element Paediatric Operative dentistry
9 (RLIN) 4272
700 ## - ADDED ENTRY--PERSONAL NAME
Personal name Roberts J F
9 (RLIN) 4273
700 ## - ADDED ENTRY--PERSONAL NAME
Personal name Kennedy D B
9 (RLIN) 4274
942 ## - ADDED ENTRY ELEMENTS (KOHA)
Source of classification or shelving scheme Other/Generic Classification Scheme
Koha item type Short Loan
Holdings
Withdrawn status Lost status Source of classification or shelving scheme Damaged status Not for loan Home library Current library Date acquired Source of acquisition Inventory number Total Checkouts Full call number Barcode Date last seen Price effective from Koha item type
    Other/Generic Classification Scheme     MUST Main Library MUST Main Library 28/04/2015   2001/15562   WU 113.6 C94k 1996 2015-1213 28/04/2015 28/04/2015 Short Loan